| 000 | 00900nam a2200265Ia 4500 | ||
|---|---|---|---|
| 003 | OSt | ||
| 005 | 20221005104139.0 | ||
| 006 | a|||||r|||| 00| 0 | ||
| 007 | ta | ||
| 008 | 221004b |||||||| |||| 00| 0 hin d | ||
| 020 |
_a9788188285471 (hbk) _c170 |
||
| 024 | _a107055 | ||
| 037 |
_b12955, 18/03/2011, Kitab Ghar _cTextual |
||
| 040 |
_aCRL _cCRL _bhin |
||
| 041 |
_2hin _ahin |
||
| 082 | _aO152,2M89,AJ, P9 | ||
| 100 | _aजयशंकर प्रसाद | ||
| 245 | 0 | _aअजातशत्रु | |
| 246 | _aAjātashatru | ||
| 260 |
_aदिल्ली _bनया साहित्य केंद्र भारत _c2009 |
||
| 300 |
_a112पृ0 _ccm. |
||
| 650 | _aहिन्दी साहित्य | ||
| 942 |
_hO152,2M89,AJ, P9 _cTEXL _2cc |
||
| 999 |
_c1011863 _d1011863 |
||